| 000 | 01216cam a2200217 4500 | ||
|---|---|---|---|
| 001 | ##L135559 | ||
| 008 | 061108n2006 000 0 eng u | ||
| 035 | _a(Sirsi) u135559 | ||
| 041 | 0 | _aeng | |
| 050 | 0 | 4 | _a344.410465 $2 18 |
| 110 | 1 |
_aGreat Britain _bHealth and Safety Commission |
|
| 245 | 0 | 0 | _aHealth and safety statistics 2005/06 |
| 260 |
_aSudbury _bHSE _c2006 |
||
| 505 | 1 | _aKey facts -- Work-related ill health -- Workplace injuries -- Industry sectors -- Countries and regions -- Progress against targets -- Enforcement -- Sources and definitions | |
| 520 | _aProvides the latest statistics on work-related health and safety in Great Britain. In the construction industry, the rate of reported fatal injuries between 1999-2000 and 2005-06 fell by around 36%, and the rate of reported major injuries fell by around 22%. For the first time, the number of major injuries resulting from slips, trips and falls on the same level was higher than those due to falls from height. | ||
| 590 | _aIKA141106 | ||
| 651 | 4 | _aGREAT BRITAIN | |
| 690 |
_aHealth and safety _96244 |
||
| 856 | 4 | 0 |
_uhttps://www.hse.gov.uk/statistics/overpic.htm _zView the statistics free of charge at www.hse.gov.uk... |
| 942 | _n0 | ||
| 999 |
_c106096 _d106096 |
||